| 000 | 00751nam a2200229 u 4500 | ||
|---|---|---|---|
| 005 | 20231128063615.0 | ||
| 008 | 081203s2006 cl r 000 0 spa d | ||
| 020 | _a9806915925 | ||
| 035 | _aUPN01000168309 | ||
| 049 | _aI | ||
| 050 | 4 |
_aPZ78 _bT6.2 |
|
| 100 | 1 |
_aTorrealba, Viviana _934331 |
|
| 245 | 1 | 3 |
_aLa alegría de hoy y siempre / _cViviana Torrealba, Jonny Díaz Alvarez ; il. Alessandro Gianna. |
| 260 |
_aBogotá : _bEl Nacional, _cc2006. |
||
| 300 |
_a31 p. : _bil. col. |
||
| 440 | 0 |
_aBrújula de papel. _pLengua y literatura ; _v33 |
|
| 650 | 0 |
_aCuentos infantiles colombianos _94407 |
|
| 650 | 4 |
_aIndígenas de Colombia _95042 |
|
| 700 | 1 |
_aDíaz Alvarez, Jonny, _ecoaut. |
|
| 905 | _aInfantil | ||
| 999 |
_c140416 _d140416 |
||